00828nam a22002175i 4500001000700000003000900007005001700016008004100033040002000074100003300094245009300127260005000220300002100270597002200291597003800313700003100351700002900382852005400411999001900465952012600484156533ES-MaACL20230906210432.0000614s1740 it |||| | lat d aEUS bspa cEUS1 aJuvenal, Decio Junio.96737310aD. Junii Juvenalis ; et A. Persii Flacci Satyrae / ccum annotationibus Thomae Farnabii. aVenetiis : bapud Franciscum Pitteri, c1740. a252 p. ; c12ยบ. aSign.: A-K12, L6. aPort. a dos tintas con grab. xil.11aPersio Flaco, Aulo.9914001 aFarnaby, Thomas.9127011 aES-MaACLjR-578 z-- Enc. perg. x Olim: D-499 c156533d156533 001040708LIBXVIIIaATENEOMbATENEOMcDEPOd2008-01-17eSSCl0oR-578p1163769r2023-02-23 00:00:00w2023-02-23yMONANT